Datum a čas kvízu
34.5
Celkem bodů
Celkový počet nahraných bodů na tomto kvízu bez doplňovacích otázek.
1.
Pořadí na kvízu
Konečné umístění týmu na tomto kvízu.
Zaznamenané odpovědi
| # | Otázka | Odpověď | Body | Výsledky |
|---|---|---|---|---|
| 1. | Na půdě Poslanecké sněmovny se... | obrázek Milady Horákové | 1 | |
| 2. | Švýcarská policie pátrá po člo... | zlato | 1 | |
| 3. | Prezident Zeman ve středu pode... | Petr Jarchovský | 1 | |
| 4. | České dráhy minulý týden vylep... | Můj vlak | 1 | |
| 5. | Minulý týden skončily spekulac... | Chelsea | 1 | |
| 6. | Napište dvě řecké předpony pou... | mega, mikro | 1 | |
| 7. | Vzpomenete si, kolik otázek v... | 4 otázky | 1 | |
| 8. | Uveďte právní formu Milionu ch... | B | 1 | |
| 9. | V žebříčku deseti měst USA s v... | San Antonio, San Diego, San Jose | 0.5 | |
| 10. | Jaká je průměrná vzdálenost Ze... | 150 miliónů km | 0 |